Luật cư trú

में बचाया:
ग्रंथसूची विवरण
स्वरूप: पुस्तक
भाषा:Undetermined
प्रकाशित: Hà Nội Chính trị Quốc gia 2006
विषय:
टैग : टैग जोड़ें
कोई टैग नहीं, इस रिकॉर्ड को टैग करने वाले पहले व्यक्ति बनें!
Thư viện lưu trữ: Trung tâm Học liệu Trường Đại học Cần Thơ
LEADER 00443nam a2200169Ia 4500
001 CTU_126722
008 210402s9999 xx 000 0 und d
020 |c 5000 
082 |a 342.597082 
082 |b L504 
245 0 |a Luật cư trú 
260 |a Hà Nội 
260 |b Chính trị Quốc gia 
260 |c 2006 
650 |a Constitutional law 
904 |i Nguyên 
980 |a Trung tâm Học liệu Trường Đại học Cần Thơ